Fundamental Concepts In Physical Chemistry (Record no. 12901)

MARC details
000 -LEADER
fixed length control field 00420nam a2200169Ia 4500
008 - FIXED-LENGTH DATA ELEMENTS--GENERAL INFORMATION
fixed length control field 230524s9999 xx 000 0 und d
020 ## - INTERNATIONAL STANDARD BOOK NUMBER
ISBN 8121920469
082 ## - DEWEY DECIMAL CLASSIFICATION NUMBER
Classification number 541.3
Item number THA
100 ## - MAIN ENTRY--AUTHOR NAME
Personal name Devendra Nath Thakur
245 #0 - TITLE STATEMENT
Title Fundamental Concepts In Physical Chemistry
250 ## - EDITION STATEMENT
Edition statement 1ST
260 ## - PUBLICATION, DISTRIBUTION, ETC. (IMPRINT)
Place of publication NEW DELHI
Name of publisher S.Chand
Year of publication 2001
300 ## - PHYSICAL DESCRIPTION
Number of Pages 777
500 ## - GENERAL NOTE
General note Quantity Number: 7
650 ## - SUBJECT ADDED ENTRY--TOPICAL TERM
Topical Term Chemistry
942 ## - ADDED ENTRY ELEMENTS (KOHA)
Koha item type Books
Holdings
Lost status Damaged status Permanent Location Current Location Shelving location Date acquired Full call number Accession Number Koha item type
    Central Library, Trident Academy of Technology Central Library, Trident Academy of Technology General Stacks 05/24/2023 541.3 THA 468 Books
    Central Library, Trident Academy of Technology Central Library, Trident Academy of Technology General Stacks 05/24/2023 541.3 THA 469 Books
    Central Library, Trident Academy of Technology Central Library, Trident Academy of Technology General Stacks 05/24/2023 541.3 THA 3433 Books
    Central Library, Trident Academy of Technology Central Library, Trident Academy of Technology General Stacks 05/24/2023 541.3 THA 3434 Books
    Central Library, Trident Academy of Technology Central Library, Trident Academy of Technology General Stacks 05/24/2023 541.3 THA 3435 Books
    Central Library, Trident Academy of Technology Central Library, Trident Academy of Technology General Stacks 05/24/2023 541.3 THA 6117 Books
    Central Library, Trident Academy of Technology Central Library, Trident Academy of Technology General Stacks 05/24/2023 541.3 THA 6118 Books
Trident Academy of Technology © 2023.
All rights reserved.                                                                                                                                                                                                        Designed by Team of Central Library .

Powered by Koha